MDQL
is popping MORE tags! Check the
thread
!
Quizzes
Events
Quiz Creation
Community
Videos
Private Events
Remove Ads
Sign In
Join for FREE
Feedback
Dark Mode
Quiz Categories
Sports
Geography
Music
Movies
Television
Just For Fun
Miscellaneous
History
Literature
Language
Science
Gaming
Entertainment
Religion
Holiday
For Kids
Quiz Lab
Recent
Popular Today
Quiz Kudos Today
Editor Picks
Curator Picks
Quizzes by...
Day
Popularity
Type
Ratings
Length
Year
Community
Subscriptions
Recent Discussions
Orange Saloon
Badges
Playlists
Quests
Create
Leaderboards
Showdown
Live 5
Trivia Bingo
Activity
Puzzle Library
Sporcle Events
Private Events
Virtual Trivia
Globe League
Become a Host
Pub Owners
SporcleCon
Opinionation
Our Games
Videos
Blog
Mobile Apps
Partnerships
Remove Ads and Go Orange
Feedback
Entertainment
Celebrity
Famous
Musical
Broadway
Show
Quote
Comic Books
Anime
Superhero
DC Comics
Marvel
Cartoons
Animation
Entertainment
Celebrity
Famous
Musical
Broadway
Show
Quote
Comic Books
Anime
Superhero
DC Comics
Marvel
Cartoons
Animation
Random Quiz
Search Sporcle
×
Quiz Lab
Quiz Lab
Entertainment
Harry Potter
Type in answers that appear in a list
Type in answers that appear in a list
Classic
Best Score? Go Orange.
Harry Potter Who Did It? Stats
Can you name the Person who did the action from the book?
By
mrkonjichris
5m
30 Questions
4,213 Plays
4,213 Plays
4,213 Plays
Comments
Comments
Give Quiz Kudos
Give Quiz Kudos
-
- Ratings
hide this ad
Forced Order
Answers have to be entered in order
Answers have to be entered in order
Replay
Link that replays current quiz
Next Quiz
Link to next quiz in quiz playlist
You Got
0%
They Got
Avg Score
89%
Avg Friend Score
Upgrade to see
Score Distribution
Jump to the score distribution portion of the page
Score
0/30
Timer
05:00
0
Plays Today
Who...?
Character
% Correct
Killed Nagini
Neville Longbottom
97.8%
Killed Dumbledore
Severus Snape
97.3%
Was the first known person to escape from Azkaban
Sirius Black
95.4%
Killed Sirius Black
Bellatrix Lestrange
95.2%
Wrote on the Hogwarts walls in blood while under a trance
Ginny Weasley
95.2%
Unleashed a troll in the school
Professor Quirrell
93.7%
Destroyed the horcrux locket
Ron Weasley
93%
Told Professor Quirrell how to calm Fluffy
Rubeus Hagrid
92.8%
Put Harry's name in the Triwizard cup
Barty Crouch Jr.
92.4%
Taught Harry the Patronus charm
Remus Lupin
91.8%
Told Voldemort where to find Lily and James Potter
Peter Pettigrew
91.4%
Kissed Harry after a Dumbledore's Army meeting
Cho Chang
91.2%
Gave her life to save Harry's in Godric's Hollow
Lily Potter
90.1%
Sent his children to eat Harry and Ron in the Forbidden Forest
Aragog
89.7%
Failed to erase Harry and Ron's memory when his spell backfired
Gilderoy Lockhart
89.5%
Who...?
Character
% Correct
Gave Harry the Nimbus 2000
Minerva McGonagall
89.3%
Saved Hermione from the Black Lake
Viktor Krum
89.2%
Came back to teach potions at Hogwarts after a visit from Harry and Dumbledore
Horace Slughorn
89.2%
Defeated Bellatrix at the Battle of Hogwarts
Molly Weasley
89.2%
Started the Order of the Phoenix
Albus Dumbledore
89%
Started S.P.E.W
Hermione Granger
88.4%
Fixed the Vanishing Cabinet in the Room of Requirement
Draco Malfoy
88.4%
Turned Bill Weasley into a partial werewolf
Fenrir Greyback
87.3%
Wrote a book called 'The Life and Lies of Albus Dumbledore'
Rita Skeeter
86.8%
Created the Chamber of Secrets
Salazar Slytherin
86.1%
Stole the horcrux locket from Grimmauld Place
Mundungus Fletcher
82.1%
Showed Harry the Room of Requirement
Dobby
81.9%
Took charge of Minister of Magic after the death of Voldemort
Kingsley Shacklebolt
80.8%
Almost became Gryffindor keeper instead of Ron
Cormac Mclaggen
78.2%
Danced with Rodger Davies at the Yule Ball
Fleur Delacour
73.4%
Quiz Playlist
Details
Report
Send in Message
Add To Playlist
Classic:
Type in answers that appear in a list
Forced Order:
Answers have to be entered in order
Last Updated: Feb 16, 2017
Quiz Scoreboard
CHALLENGE
Sign Up to Join the Scoreboard
Show All
Scores
Hide
Comments
May contain spoilers
Recently Published
Find the 'City' Movie
by crazypaving
Movies
60s
5x2 Blitz: Bands
by SL_Kpop136
Music
30s
Colored Red Africa Blitz
by spor1
Geography
30s
More to Explore
Quiz From the Vault
Featured Blog Post
14 Easter Pick-up Lines to Find Eggs With
hide this ad
You Might Also Like...
Tags
Book Quiz
Harry Potter Quiz
Action
Character
Person
Today's Top Quizzes in Entertainment
Browse Entertainment
hide this ad
Today's Top Quizzes in Harry Potter
Browse Harry Potter
Top Contributed Quizzes in Entertainment
1
Marvel Classic Character Map
2
Dragon Ball Z: Goku's Fights in Order
3
Marvel Characters Bunker
4
JoJo's Bizarre Logic Quiz
5
Celebrity Spelling Bee
6
BOYS PLANET Quiz
7
This is Your Life: Edward Elric
8
This is Your Life: Itachi Uchiha
9
Survivor Winners Logic Quiz
10
One Piece Heroines Chapter Cover
Explore More
Trending Topics
Crossword
Marvel
Harry Potter
Kpop
Anime
NBA
Disney
The Office
Country
NFL
Puzzle
Pokémon
Soccer
WWE
Song
hide this ad
More By:
mrkonjichris
Quiz
Plays
Rating
Category
Featured
Created
Star Wars Bunker
968,046
3.59
Movies
Aug 11, 2011
100 Star Wars Characters
8,421
3.30
Movies
Mar 30, 2010
Star Wars Characters Last Name
5,188
4.14
Movies
Feb 14, 2010
Harry Potter Who Did It?
4,213
4.30
Entertainment
Aug 18, 2010
States without U.S.A.
3,560
4.09
Geography
Oct 9, 2010
Go to Creator's Profile
Score Distribution
Quiz Creator Spotlight
mrkonjichris
Follow
Send a Message
Quizzes Created
-
Created Quiz Play Count
-
More By This Creator
Popular Quizzes Today
1
Colored Red Africa Blitz
2
Find the 'City' Movie
3
Find the US States - No Outlines Minefield
4
5x2 Blitz: Bands
5
The Countries of the World
6
Find the US States
7
Find the Countries of Europe - No Outlines Minefield
8
US States
More Entertainment Quizzes
Silver Surfer Characters By Picture
Quiz Lab
Trending Quizzes
Colored Red Europe Blitz I
Colored Red Europe Blitz II
Colored Red Africa Blitz II
Colored Red Europe Blitz III
Colored Red Africa Blitz III
Recently Updated
How Do You Spell That?
pecheneg
Godzilla Movies
pecheneg
Grab Bag: 4-10 Letters
pecheneg
2024 March Madness Bracket
pecheneg
Famous TV Couples
Peacemaker
Champions League XIs: Real Madrid
pecheneg
Largest US Cities 1790-2010
pecheneg
Rides in Walt Disney World
pecheneg
Most Oscar Losses (Acting)
pecheneg
Beyoncé Albums
pecheneg
Trending Topics
Anime
Kpop
Disney
Marvel
NBA
Harry Potter
Crossword
Song
The Office
Soccer
WWE
Country
NFL
Puzzle
Pokémon
Your Account Isn't Verified!
In order to create a playlist on Sporcle, you need to verify the email address you used during registration. Go to your
Sporcle Settings
to finish the process.
Report this User
Report this user for behavior that violates our
Community Guidelines
.
Details:
Send Report
Go to the Sporcle.com Mobile Site →
Comments